Statistics for Catch 22 Discography

Click here to take the quiz!

General Stats

  • This quiz has been taken 3 times
  • The average score is 3 of 8

Answer Stats

TypeYearName% Correct
Album1998Keasbey Nights
67%
EP1999Washed Up!
67%
Album2000Alone in a Crowd
33%
Album2003Dinosaur Sounds
33%
Live Album2004Live
33%
Album2006Permanent Revolution
33%
Album2001Washed Up and Through the Ringer
33%
EP1996Rules of the Game
0%

Score Distribution

Percentile by Number Answered

Percent of People with Each Score

Your Score History

You have not taken this quiz